<?xml version="1.0" encoding="UTF-8"?><?xml-stylesheet type="text/xsl" href="static/style.xsl"?><OAI-PMH xmlns="http://www.openarchives.org/OAI/2.0/" xmlns:xsi="http://www.w3.org/2001/XMLSchema-instance" xsi:schemaLocation="http://www.openarchives.org/OAI/2.0/ http://www.openarchives.org/OAI/2.0/OAI-PMH.xsd"><responseDate>2026-04-13T03:02:44Z</responseDate><request verb="GetRecord" identifier="oai:www.recercat.cat:2117/106850" metadataPrefix="marc">https://recercat.cat/oai/request</request><GetRecord><record><header><identifier>oai:recercat.cat:2117/106850</identifier><datestamp>2025-07-23T06:35:04Z</datestamp><setSpec>com_2072_1033</setSpec><setSpec>col_2072_452951</setSpec></header><metadata><record xmlns="http://www.loc.gov/MARC21/slim" xmlns:dcterms="http://purl.org/dc/terms/" xmlns:xsi="http://www.w3.org/2001/XMLSchema-instance" xmlns:doc="http://www.lyncode.com/xoai" xsi:schemaLocation="http://www.loc.gov/MARC21/slim http://www.loc.gov/standards/marcxml/schema/MARC21slim.xsd">
   <leader>00925njm 22002777a 4500</leader>
   <datafield ind2=" " ind1=" " tag="042">
      <subfield code="a">dc</subfield>
   </datafield>
   <datafield ind2=" " ind1=" " tag="720">
      <subfield code="a">Orcalla Hidalgo, Miguel</subfield>
      <subfield code="e">author</subfield>
   </datafield>
   <datafield ind2=" " ind1=" " tag="260">
      <subfield code="c">2017-07-14</subfield>
   </datafield>
   <datafield ind2=" " ind1=" " tag="520">
      <subfield code="a">The drone industry has grown notably during the last years. There are many applications that can be carried out in different fields, with special interest in architecture and civil engineering, where from three-dimensional models of buildings, built from images taken by drones, you can perform tasks like diagnosis, monitoring, documentation and surveillance of these. The technique used to make three-dimensional models from photographs is known as photogrammetry. Currently one of the techniques most used for three-dimensional reconstruction of buildings is laser scanning, however, it is much more expensive than the first and it's harder to do. The present project argues the development of a system that allows to plan the route of a dron around any building avoiding any type of obstacles, the algorithm used to obtain this route will be based on the optimization algorithm of Branch and Bound. The objective will consist in find the most optimal result, in other words, the shortest route. In addition, the zones of this route will be defined where the necessary photographs will be taken to perform the three-dimensional reconstruction of buildings. Finally, a file will be created to carry out the mission, this file will contain the differents commands of navigation and sensor activation. To accomplish this, a WPF (Windows Presentation Foundation) desktop application that simplifies and accelerates the process has been developed, with an attractive and user-friendly interface.</subfield>
   </datafield>
   <datafield tag="653" ind2=" " ind1=" ">
      <subfield code="a">Àrees temàtiques de la UPC::Enginyeria civil::Geomàtica::Fotogrametria</subfield>
   </datafield>
   <datafield tag="653" ind2=" " ind1=" ">
      <subfield code="a">Photogrammetry</subfield>
   </datafield>
   <datafield tag="653" ind2=" " ind1=" ">
      <subfield code="a">Reconstrucción 3D</subfield>
   </datafield>
   <datafield tag="653" ind2=" " ind1=" ">
      <subfield code="a">Automatización</subfield>
   </datafield>
   <datafield tag="653" ind2=" " ind1=" ">
      <subfield code="a">Drones</subfield>
   </datafield>
   <datafield tag="653" ind2=" " ind1=" ">
      <subfield code="a">Planificación de recorridos</subfield>
   </datafield>
   <datafield tag="653" ind2=" " ind1=" ">
      <subfield code="a">Branch and Bound</subfield>
   </datafield>
   <datafield tag="653" ind2=" " ind1=" ">
      <subfield code="a">Grafos</subfield>
   </datafield>
   <datafield tag="653" ind2=" " ind1=" ">
      <subfield code="a">Avions no tripulats</subfield>
   </datafield>
   <datafield ind2="0" ind1="0" tag="245">
      <subfield code="a">Sistema de planificacion de vuelos para la reconstrucción 3D de edificios a partir de imagenes aéreas</subfield>
   </datafield>
</record></metadata></record></GetRecord></OAI-PMH>